| 000 | 01397nam a2200361 a 4500 | ||
|---|---|---|---|
| 001 | 000113907 | ||
| 003 | CHAP | ||
| 005 | 20220329144418.0 | ||
| 008 | 171005s2017 mx sm |||||||spa d | ||
| 010 | _a110368 | ||
| 011 | _a111340 | ||
| 040 | _cCHAP | ||
| 090 | _aTesis | ||
| 100 | 1 |
_aCalvario Terrero, Gerardo _9133650 |
|
| 245 | 1 | 0 |
_aDiagnóstico y control del agente causal de la necrosis del tallo en crisantemo [Dendranthema gradiflorum (Ramat.) Kitam.] _h[En línea] _cpor Gerardo Calvario Terrero. |
| 260 |
_aChapingo, Méx. : _bEl autor, _c2017. |
||
| 500 | _aPara ver el contenido del material haga clic en la liga | ||
| 502 | _aTesis (Ing. Agr. Esp. en Parasitología Agrícola) -- UACH. Departamento de Parasitología Agrícola | ||
| 590 |
_aBATCH _b00 _c20181121 _lUCH01 _h0759 |
||
| 590 |
_aE11695DGD _b10 _c20171006 _lUCH01 _h1156 |
||
| 590 |
_aE6339RRR _b05 _c20171005 _lUCH01 _h1416 |
||
| 590 |
_aE6339RRR _b05 _c20171005 _lUCH01 _h1417 |
||
| 590 |
_aE6339RRR _b05 _c20171005 _lUCH01 _h1418 |
||
| 650 | 1 | 4 |
_aCrisantemo _xEnfermedades por hongos. _928951 |
| 650 | 1 | 4 |
_aCrisantemo _xFisiología y morfología. _928954 |
| 650 | 1 | 4 |
_aFungicidas _xAplicación. _9126604 |
| 650 | 1 | 4 |
_aSclerotinia sclerotiorum _xControl. _9133649 |
| 856 |
_a1 _n0001143 |
||
| 856 |
_aFinding aid _uhttp://10.13.5.2/tesis/sist113907.pdf _zTeclea aquí |
||
| 901 | _aBK | ||
| 942 | _cTESIS | ||
| 942 | _n0 | ||
| 999 |
_c110368 _d110368 |
||